Normal view
MARC view
Entry Nombre personal
001 - NÚMERO DE CONTROL
- campo de control: 20623
003 - IDENTIFICADOR DEL NÚMERO DE CONTROL
- campo de control: FranzMayer
005 - FECHA Y HORA DE LA ÚLTIMA TRANSACCIÓN
- campo de control: 20190320210212.0
008 - DATOS DE LONGITUD FIJA
- campo de control de longitud fija: 190320|| aca||aabn | a|a d
040 ## - FUENTE DE LA CATALOGACIÓN
- Centro catalogador/agencia de origen: FranzMayer
- Centro/agencia transcriptor: FranzMayer
100 ## - ENCABEZAMIENTO-NOMBRE DE PERSONA
- Nombre de persona: Paul, Vicente de
- Títulos y otros términos asociados al nombre: Venerable Siervo de Dios
- Fechas asociadas al nombre: 1581-1660
- Subdivisión de forma: Congreación de la Misión
- Subdivisión geográfica: Francia
670 ## - FUENTE DE DATOS ENCONTRADOS
- Cita de la fuente: Work cat.: (FranzMayer): Guzmán, Juan de Frai del Santissimo Sacramento 1611-1680 20622, Vida de el Venerable Siervo de Dios Vicente de Paul, 1701